00481nam a22001457a 4500003000400000008004100004082001700045100002800062245014000090260003200230300000900262502001500271650003200286650001700318OSt260427b |||||||| |||| 00| 0 eng d a635.34bC35E aChoudhary, Rajesh Kumar aEffect of Different Levels of Nitrogen and Phosphorus on Growth Yield and Quality of Hybrid Cabbage (Brassica Oleracea Var Capitala L.) aPusa, SamastipurbRAUc2001 a61P. bMsc.d2001 aVegetables and Floriculture aHorticulture